00526nam a2200205Ia 4500003000900000008004100009020001800050040001600068080001200084100001400096245004800110250001200158260004800170300001400218650001400232650002000246650002400266650001500290650001500305IN-BaIIA211028s9999 xx 000 0 eng d a0-521-80090-0 cIIA Library a52bZEI aZeilik, M 0aAstronomybthe evolving universecM. Zeilik a9th ed. aCambridgebCambridge University Pressc2002 axv, 552p. aAstronomy aCosmic Violence aCosmological Models aStar Birth aStar Death